000
00393nam a22001577a 4500
003
MPLRDC
005
20220104123921.0
008
210129b ||||| |||| 00| 0 eng d
082
_a
496.5 YTGX
100
_a
伊藤光雄
245
_a
超级推销术
_c
苏燕谋译
260
_a
_b
现代工商出版社
_c
300
_b
平
650
_a
推销策略; 贩卖术
942
_c
BK
_o
496.5 YTGX
999
_c
15207
_d
15197